00966pab a2200133 454500008004000000100001800040245006100058260000900119300001500128362001100143520062800154650001600782773003400798180718b2001 xxu||||| |||| 00| 0 eng d aO'Neill, John aMarkets and the environment: the solution is the problem c2001 ap.1865-873 a26 May aThe modern world has witnessed the introduction of markets mechanisms and norms into spheres of life that previously have been protected from markets. Non-market goods including the environment are being subjected to direct commodification or to the introduction of market norms. The appropriate response is to resist the disappearance of proper boundaries between the different spheres. Protection of environments is best served by resistance to the spread of commodity exchange and its norms and defending environmental goals in terms of established ethical, aesthetic, political and scientific standards. - Reproduced aEnvironment aEconomic and Political Weekly